| 000 | 00835nmc a2200301 a 4500 | ||
|---|---|---|---|
| 003 | AR-BaBNM | ||
| 005 | 20251128204856.0 | ||
| 008 | 256019s1984 ||||||||||||||000 | spa|| | ||
| 020 | _a950-25-0087-3 | ||
| 040 | _cAR-BaBNM | ||
| 100 | 1 | _aReyes, Cipriano | |
| 245 | 1 | 0 |
_aYo hice el 17 de octubre _n2 |
| 260 |
_aBuenos Aires _bCentro Editor de América Latina _c1984 |
||
| 300 | 0 | _a260 p. | |
| 490 | 0 |
_aBiblioteca política argentina _vv. 88 |
|
| 600 | 1 | 4 | _aPerón, Juan Domingo |
| 600 | 1 | 4 | _aFarrell, Edelmiro J. |
| 650 | 4 | _aHISTORIA POLITICA ARGENTINA | |
| 650 | 4 | _a17 DE OCTUBRE DE 1945 | |
| 650 | 4 | _aPARTIDOS POLITICOS ARGENTINOS | |
| 650 | 4 | _aHISTORIA SINDICAL | |
| 650 | 4 | _aSINDICALISMO | |
| 651 | 4 | _aArgentina | |
| 653 | 0 | _aPERONISMO | |
| 800 | 1 |
_aTroncoso, Oscar _edirector |
|
| 942 | _cBK | ||
| 998 | _cEnrique | ||
| 999 |
_c9147 _d9147 |
||